000 00204nam a2200109Ia 4500
100 _a#N/A
942 _cBK
654 _aneural networks
245 _aNeural Networks
260 _b#N/A
546 _aENGLISH
999 _c26152
_d26152